000 00535nam a2200193Ia 4500
003 GCL
008 140319s9999 xx 000 0 ara d
040 _aGCL /
_cGCL
082 0 4 _a197.1
_bى ن
100 1 _aيوحنا قمير
245 1 0 _aتيتشة- بنى المتفوق /
_cيوحنا قمير
260 _a[S.N] :
_bدار المشرق ،
_c1986
300 _a147 ص
490 _a
650 0 4 _aالفلسفة
650 0 4 _aالفلسفة الغربية
650 0 4 _aالفلسفة فى روسيا
942 _2ddc
_cBK
999 _c29463
_d29463